Loading...
Learning and percepto- motor disabilities in children /
| Main Author: | |
|---|---|
| Format: | Printed Book |
| Language: | English |
| Published: |
London :
John Wiley,
1973.
|
| LEADER | 00377nam a2200109Ia 4500 | ||
|---|---|---|---|
| 008 | 150624b xxu||||| |||| 00| 0 eng d | ||
| 100 | |a Edell, K. | ||
| 245 | |a Learning and percepto- motor disabilities in children / |c K. Edell | ||
| 260 | |a London : |b John Wiley, |c 1973. | ||
| 942 | |c BK | ||
| 999 | |c 10342 |d 10342 | ||
| 952 | |0 0 |1 0 |4 0 |7 0 |9 10341 |a UL |b UL |c ST1 |d 1998-08-27 |l 0 |p 16343 |r 2012-10-27 |w 2012-10-27 |y BK | ||